Mechanics of sheet metal forming /

The basic theory of sheet metal forming in the automotive, appliance and aircraft industries is given. This fills a gap between the descriptive treatments in most manufacturing texts and the advanced numerical methods used in computer-aided-design systems. The book may be used by lecturers in underg...

Full description

Bibliographic Details
Main Author: Marciniak, Z.
Other Authors: Duncan, J. L., Hu, S. J.
Format: eBook
Language:English
Published: Oxford : Butterworth-Heinemann, 2002.
Edition:2nd ed.
Subjects:
Online Access:Connect to the full text of this electronic book

MARC

Tag First Indicator Second Indicator Subfields
LEADER 00000cam a2200000Ia 4500
001 in00002425148
006 m d
007 cr cn|||||||||
008 070802s2002 enka s 001 0 eng d
005 20260609193502.6
020 |a 9780750653008 
020 |a 0750653000 
035 |a (OCoLC)162129663 
037 |a 93756:93755  |b Elsevier Science & Technology  |n http://www.sciencedirect.com 
040 |a OPELS  |c OPELS  |d UtOrBLW 
049 |a TEFA 
050 1 4 |a TS250  |b .M327 2002eb 
082 0 4 |a 671.823  |2 22 
100 1 |a Marciniak, Z. 
245 1 0 |a Mechanics of sheet metal forming /  |c Z. Marciniak, J.L. Duncan, S.J. Hu. 
250 |a 2nd ed. 
264 1 |a Oxford :  |b Butterworth-Heinemann,  |c 2002. 
300 |a xx, 211 pages :  |b illustrations ;  |c 25 cm. 
336 |a text  |b txt  |2 rdacontent 
337 |a computer  |b c  |2 rdamedia 
338 |a online resource  |b cr  |2 rdacarrier 
533 |a Electronic reproduction.  |b Amsterdam :  |c Elsevier Science & Technology,  |d 2007.  |n Mode of access: World Wide Web.  |n System requirements: Web browser.  |n Title from title screen (viewed on July 25, 2007).  |n Access may be restricted to users at subscribing institutions. 
520 |a The basic theory of sheet metal forming in the automotive, appliance and aircraft industries is given. This fills a gap between the descriptive treatments in most manufacturing texts and the advanced numerical methods used in computer-aided-design systems. The book may be used by lecturers in undergraduate courses in manufacturing; plentiful exercises and worked examples provide quantitative tutorial problems for students. A separate, but related simulation software package advertised on this page enables students to explore the limits of processes and understand the influence of different process and material variables. Engineers in stamping plants and press shops find the book useful in understanding what happens during forming and why failures occur. The book is also used as a text for industrial short courses that have been given in many countries. Die designers and tooling engineers find the simple treatment of processes useful at the conceptual design stage and also in determining modifications needed to overcome problems indicated by detailed numerical analysis. The original text, published 10 years ago, has been completely rewritten for this edition and newer topics such as hydroforming included. Simple equations governing plastic deformation, press forming, bending, punch stretching and deep drawing are derived and explained. The aim is to provide simple applicable methods rather than complex numerical techniques for practising engineers and for students interested in a quantitative and practical approach. SIMPLIFIED STAMPING SIMULATION SOFTWARE "4S' The analytical treatment in this book is used to develop simulation modules for simple cases of sheet forming such as stamping, deep drawing, bending and hydroforming. Students can investigate the influence of tooling dimensions, material properties and process variables such as friction on the outcome of operations and see from animated models how, for example, press loads develop during forming. Applications using this package greatly enhance interest in the development of theory in the book. The website http://www.mssinternational.com provides further information and an opportunity to run some of the modules. Presents the fundamentals of sheet metal forming - bending, stretching, press forming, deep drawing and hydroforming Shows how deformation, loads and process limits can be calculated using simple equations Concentrates on simple, applicable methods rather than complex numerical techniques Contains many exercises, worked examples and solutions Used as a reference text in undergraduate manufacturing courses, as a required text in specialist graduate courses and as a course text for industrial short courses Is supported by a separate, but related simulation software package described below. 
505 0 |a Material properties; General deformation processes; Deformation of sheet in plane stress; Simplified stamping analysis; Load instability and tearing; Bending of sheet; Simplified analysis of circular shells; Cylindrical deep drawing; Stretching over axisymmetric punches; Bending under tension; Hydroforming; Yielding in three dimensional stress state; Large strains. 
500 |a Previous edition: London: Arnold, 1992. 
505 0 |a Material properties -- Sheet deformation processes -- Deformation of sheet in plane stress -- Simplified stamping analysis -- Load instability and tearing -- Bending of sheet -- Simplified analysis of circular shells -- Cylindrical deep drawing -- Stretching circular shells -- Combined bending and tension of sheet -- Hydroforming. 
500 |a Electronic resource. 
650 0 |a Sheet-metal  |x Mechanical properties. 
650 0 |a Sheet-metal work. 
655 7 |a Electronic books.  |2 local 
700 1 |a Duncan, J. L. 
700 1 |a Hu, S. J. 
730 0 |a Referex. 
776 1 |c Original  |z 0750653000  |z 9780750653008  |w (OCoLC)51070206 
856 4 0 |u http://proxy.library.tamu.edu/login?url=https://www.sciencedirect.com/science/book/9780750653008  |z Connect to the full text of this electronic book  |t 0 
994 |a C0  |b TEF 
999 |a MARS 
999 f f |s d554cda0-7464-3a96-8a3e-3b2e8f3df81b  |i 3e7cb205-5751-3147-9594-c15ce535ca46  |t 0 
952 f f |a Texas A&M University  |b College Station  |c Electronic Resources  |s www_evans  |d Available Online  |t 0  |e TS250 .M327 2002eb  |h Library of Congress classification 
998 f f |a TS250 .M327 2002eb  |t 0  |l Available Online